Statistics for Movies By Picture (Easy)

Click here to take the quiz!

General Stats

  • This quiz has been taken 188 times
  • The average score is 9 of 12

Answer Stats

Answer% Correct
Star Wars
93%
The Wizard Of Oz
91%
The Godfather
90%
The Shining
84%
The Dark Knight
76%
The Silence Of The Lambs
72%
Pulp Fiction
69%
The Sound Of Music
65%
Mad Max: Fury Road
63%
The Pianist
59%
Inception
55%
The Good, The Bad, And The Ugly
45%

Score Distribution

Percentile by Number Answered

Percent of People with Each Score

Your Score History

You have not taken this quiz